00224nam a2200073Ia 4500082001600000245005300016100004000069008004100109 aJ 743.6 AME 0aDraw 50 dinosaurs and other prehistoric animals  a AMES, Lee J. London, 1988 210817s9999 xx 000 0 und d